| 000 | 00441nam a2200145 a 4500 | ||
|---|---|---|---|
| 001 | 000043341 | ||
| 005 | 20201002040829.0 | ||
| 008 | 140310s1999 sp 000 0 spa d | ||
| 020 | _a8478951172 | ||
| 040 |
_aDO-SdBNP _bspa _cBNPHU |
||
| 100 | 1 |
_aSatué, Francisco J. _970978 |
|
| 245 | 1 | 3 |
_aEl Caso Timmerman : _b(el instinto de biógrafo) / _cFrancisco J. Satué. |
| 260 |
_aBarcelona, : _bOllero & Ramos, _c1999. |
||
| 300 |
_a259 p. ; _c22 cm. |
||
| 999 |
_c42830 _d42830 |
||